000 00260nam a22001217a 4500
008 181030b xxu||||| |||| 00| 0 eng d
041 _aeng
080 _a910
100 _a45
101 _aART
245 _aThe Story Of Design
_cMarion.D
942 _2udc
_cBK
999 _c51088
_d51088